000 00646nam a2200205Ii 4500
003 JO-AjNU
008 230605s9999||||xx |||||||||||||| ||und||
040 _aJO-AjNU
_bara
_erda
_cJO-AjNU
041 _aara
050 1 4 _aPQ3989.2.S26.W5613 1986
100 3 _aساسين، وليامز,
_eauthor
_913778
245 0 0 _aمذبحة ويريامو
250 _aط1
264 3 1 _aبيروت: مؤسسة الأبحاث العربية، 1986
300 _a226ص
336 _atext
_btxt
_2rdacontent
337 _aunmediated
_bn
_2rdamedia
338 _avolume
_bnc
_2rdacarrier
650 4 _aالأدب العربي - ترجمة - روايات
_913779
999 _aA3518
_c7086
_d7086